CARDIAC EMERGENCIES (Record no. 15178)

MARC details
000 -LEADER
fixed length control field 00264nam a22001217a 4500
003 - CONTROL NUMBER IDENTIFIER
control field SGT
082 ## - DEWEY DECIMAL CLASSIFICATION NUMBER
Classification number 616.024
Item number C06P
100 ## - MAIN ENTRY--PERSONAL NAME
Personal name PEACOCK IV, FRANK
245 ## - TITLE STATEMENT
Title CARDIAC EMERGENCIES
260 ## - PUBLICATION, DISTRIBUTION, ETC. (IMPRINT)
Place of publication, distribution, etc INDIA
Name of publisher, distributor, etc MC GRAW HILL
Year of Publication 2006
300 ## - PAGE DESCRIPTION
No. of Pages 535
942 ## - ADDED ENTRY ELEMENTS (KOHA)
Source of classification or shelving scheme Dewey Decimal Classification
Koha item type Books
942 ## - ADDED ENTRY ELEMENTS (KOHA)
-- 3
Holdings
Withdrawn status Lost status Source of classification or shelving scheme Damaged status Not for loan Collection code Home library Current library Shelving location Date acquired Vendor Name SGTU Bill Number Total Checkouts Full call number Accession No. (Barcode) Date last seen Date last borrowed Bill Date Koha item type
    Dewey Decimal Classification     NURSING SGT Medical Library SGT Medical Library Reference Book 08/02/2018 ABC SGTU 7429 2 616.024 C06P FN3678 09/03/2026 02/02/2026 04/11/2016 Books
    Dewey Decimal Classification     NURSING SGT Medical Library SGT Medical Library Reference Book 08/02/2018 ABC SGTU 7429 4 616.024 C06P FN3679 09/12/2025 28/11/2025 04/11/2016 Books
    Dewey Decimal Classification     NURSING SGT Medical Library SGT Medical Library Reference Book 08/02/2018 ABC SGTU 7429 1 616.024 C06P FN3680 14/05/2024 29/04/2024 04/11/2016 Books